Rappeurs français - Mort Subite - Statistiques

Statistiques générales
  • Ce quiz a été pris 34 345 fois
    16 838 depuis la dernière actualisation
  • Le résultat moyen est 11 sur 28
Answers on the Grid
Answers color-coded by a green-red scale on the quiz's grid according to % correct below.
Vald
Nekfeu
Booba
Gazo
Niska
Ninho
Ziak
Tiakola
B.B Jacques
Kalash
Freeze Corleone
OBOY
La Fève
Koba laD
SDM
Alpha Wann
PLK
Soprano
L'Allemand
Hatik
Jul
Georgio
SCH
Sinik
Kery James
La Fouine
Rohff
Mister You
Damso
Fally Ipupa
Omay lay
Le Cypher Noir
MC 93054
Xuman
Don Omar
Mahmood
Big Shaq
Gueweul
Django Lyrical Bis
Hamza
 
Statistiques - réponses
Réponse % Correct
Jul
49%
SCH
47%
Ninho
46%
PLK
46%
Booba
45%
Niska
45%
SDM
45%
Gazo
44%
Nekfeu
44%
Koba laD
43%
Tiakola
43%
Vald
43%
La Fouine
42%
Soprano
41%
Ziak
40%
Hatik
39%
OBOY
38%
Freeze Corleone
37%
Kalash
37%
Rohff
36%
La Fève
34%
Alpha Wann
32%
Mister You
31%
B.B Jacques
29%
Kery James
27%
Georgio
19%
L'Allemand
19%
Sinik
19%
Aucun quiz correspondant
Distribution des résultats
% des personnes avec chaque résultat
Percentile par nombre de réponses
Votre historique - résultats
Vous n’avez pas pris ce quiz depuis la dernière actualisation